000 00218nam a2200085Ia 4500
245 0 _aThe Indian subcontinent
100 _a MASON, Paul New York, 2009
942 _cBK
008 210818s9999 xx 000 0 und d
999 _c434277
_d434276